000 00431nam a2200145 i 4500
001 81088
003 ES-MaACL
007 t|
008 041102s1984 xxu ||||1| eng d
100 1 _aHolly. Michael Ann.
_964042
245 1 0 _aPanofsky and the foundations of Art History /
_cby Michael Ann Holly.
260 _aIthaca :
_bCornell University Press,
_c[1984]
300 _a267 p. ;
_c23 cm.
852 _aES-MaACL
_jL-7626
_bR.108120
999 _c81088
_d81088